[Event "AUTO-OPEN-3144"]
[Site "http://www.queenalice.com/game.php?id=1240669"]
[Date "2013.12.17"]
[Round "1"]
[White "ggg09"]
[Black "insomnia69"]
[Result "0-1"]
[WhiteElo "2182"]
[BlackElo "2370"]

1. e4 d6 2. d4 Nf6 3. Nc3 g6 4. Nf3 Bg7 5. Be3 c6 6. Qd2 b5 7. Bh6 Bxh6 8. Qxh6
b4 9. Nd1 Nxe4 10. Bd3 Nf6 11. Ng5 Qa5 12. f4 Qd5 13. c3 bxc3 14. Nxc3 Qxd4 15.
Bxg6 fxg6 16. g3 Ng4 17. Qh4 Qf2+ 18. Kd1 Ne3+ 0-1

[Event "AUTO-OPEN-3144"]
[Site "http://www.queenalice.com/game.php?id=1240672"]
[Date "2013.12.17"]
[Round "1"]
[White "insomnia69"]
[Black "Norfair"]
[Result "0-1"]
[WhiteElo "2376"]
[BlackElo "2520"]

1. d4 Nf6 2. c4 e6 3. Nc3 d5 4. Nf3 c6 5. Bg5 h6 6. Bh4 dxc4 7. e4 g5 8. Bg3 b5
9. Be2 Bb7 10. O-O Nbd7 11. d5 cxd5 12. Nxb5 Nxe4 13. Nc7+ Ke7 14. Nxa8 Nxg3 15.
hxg3 Bg7 16. Rc1 Bxa8 17. b3 c3 18. Bb5 Nc5 19. b4 Qb6 20. a4 Ne4 21. Bd3 Qxb4
22. Rb1 Qd6 23. Qc2 Nc5 24. Rfc1 d4 25. Rb5 h5 26. Rcb1 h4 27. gxh4 g4 28. Qc1
Rh5 29. Ne1 Bh6 0-1

[Event "AUTO-OPEN-3144"]
[Site "http://www.queenalice.com/game.php?id=1240673"]
[Date "2013.12.17"]
[Round "1"]
[White "Norfair"]
[Black "insomnia69"]
[Result "1-0"]
[WhiteElo "2542"]
[BlackElo "2372"]

1. d4 Nf6 2. c4 d6 3. Nf3 g6 4. Nc3 Bg7 5. e4 O-O 6. Be2 e5 7. O-O Nc6 8. d5 Ne7
9. b4 Nh5 10. Re1 f5 11. Ng5 Nf6 12. h4 h6 13. Ne6 Bxe6 14. dxe6 fxe4 15. g4 Nh7
16. Be3 Nc6 17. g5 hxg5 18. h5 Nf6 19. Nd5 Ne7 20. hxg6 c6 21. Nxf6+ Rxf6 22.
Bh5 Nf5 23. Qg4 Nxe3 24. fxe3 a5 25. Rf1 Qe7 26. Rxf6 Bxf6 27. g7 Qxg7 28. b5
cxb5 29. cxb5 d5 30. Rd1 Rd8 31. Bf7+ Kf8 32. e7+ Bxe7 33. Bxd5 Ke8 34. Qh5+ Kd7
35. Rc1 Qh8 36. Qg4+ Ke8 37. Qxe4 Qh6 38. Bxb7 Qe6 39. Bc6+ Kf8 40. b6 Kg7 41.
b7 Bd6 42. Qg2 Qh6 43. Bd5 Qh5 44. Bf3 Qh4 45. Kf1 Rb8 46. Rc8 a4 47. Bg4 a3 48.
Qe4 Qh7 49. Qd5 1-0

[Event "FIFA World Cup"]
[Site "http://www.queenalice.com/game.php?id=1256284"]
[Date "2014.2.14"]
[Round "1"]
[White "boilermaker1234"]
[Black "insomnia69"]
[Result "1/2-1/2"]
[WhiteElo "2323"]
[BlackElo "2365"]

1. e4 g6 2. Nc3 Bg7 3. d4 d6 4. Be3 a6 5. f4 b5 6. Bd3 Bb7 7. Nf3 Nd7 8. O-O c5
9. dxc5 Nxc5 10. Bxc5 dxc5 11. e5 f5 12. Be2 Qb6 13. a3 Rd8 14. Qe1 Nh6 15. h3
Nf7 16. b3 Bh6 17. g3 O-O 18. a4 b4 19. a5 Qc6 20. Nd1 g5 21. Ne3 Qg6 22. e6
Qxe6 23. Bc4 Qe4 24. Ng2 gxf4 25. Nxf4 Bxf4 26. gxf4 Qxf4 27. Qe5 Qxe5 28. Nxe5
Bd5 29. Nxf7 Rxf7 30. Rad1 e6 31. Bxd5 Rxd5 32. Rxd5 exd5 33. Re1 Kg7 34. Re5
Rd7 35. Rxf5 h6 36. Re5 Kf6 37. Rh5 Kg6 38. Re5 Rd6 39. Re8 Rc6 40. Rb8 Kf5 41.
Kf2 d4 42. Ke2 Ke5 43. Kd3 Kd5 44. h4 Re6 45. Rd8+ Kc6 46. Rb8 Kc7 47. Rh8 Re3+
48. Kd2 Kc6 49. Rxh6+ Kb5 50. h5 Rh3 51. Rh8 Kxa5 52. h6 Kb6 53. h7 Kb7 54. Ke2
a5 55. Kd2 a4 56. bxa4 c4 57. Rd8 Rxh7 58. Rxd4 Rc7 1/2-1/2

[Event "AUTO-OPEN-3219"]
[Site "http://www.queenalice.com/game.php?id=1267922"]
[Date "2014.3.25"]
[Round "1"]
[White "jck2"]
[Black "insomnia69"]
[Result "0-1"]
[WhiteElo "1871"]
[BlackElo "2366"]

1. d4 Nf6 2. Nf3 g6 3. c4 d6 4. Nc3 Bg7 5. Bg5 h6 6. Bxf6 Bxf6 7. e4 O-O 8. Be2
Nd7 9. O-O e5 10. dxe5 Nxe5 11. Rb1 Re8 12. Nd5 Nxf3+ 13. Bxf3 Be5 14. b4 c6 15.
Ne3 Qg5 16. h3 Bxh3 17. Ng4 Bxg4 18. Bxg4 Qf4 19. g3 Qxe4 20. Bf3 Qxc4 21. a3 d5
22. Rc1 Qd4 23. Qc2 Bxg3 24. Kg2 Bd6 25. Rh1 Qf6 26. Qd2 Bf4 27. Qc3 Qg5+ 28.
Kf1 Bxc1 0-1

[Event "AUTO-OPEN-3219"]
[Site "http://www.queenalice.com/game.php?id=1267923"]
[Date "2014.3.25"]
[Round "1"]
[White "insomnia69"]
[Black "jck2"]
[Result "1-0"]
[WhiteElo "2365"]
[BlackElo "1873"]

1. d4 d5 2. c4 c6 3. Nf3 Nf6 4. cxd5 Nxd5 5. e4 Nf6 6. Nc3 Bg4 7. Be2 e6 8. O-O
Be7 9. Be3 O-O 10. Qb3 Qb6 11. Qxb6 axb6 12. h3 Bh5 13. g4 Bg6 14. Ne5 Nbd7 15.
g5 Nxe5 16. gxf6 Bxf6 17. dxe5 Bxe5 18. Bxb6 Ra6 19. Bxa6 bxa6 20. Rfd1 Bxc3 21.
bxc3 Bxe4 22. Rd7 Ra8 23. c4 Kf8 24. Rc7 Rb8 25. Bc5+ Ke8 26. Re7+ 1-0

[Event "AUTO-OPEN-3219"]
[Site "http://www.queenalice.com/game.php?id=1267948"]
[Date "2014.3.25"]
[Round "1"]
[White "mmagari"]
[Black "insomnia69"]
[Result "1-0"]
[WhiteElo "2308"]
[BlackElo "2364"]

1. h4 d5 2. d4 Nf6 3. Bg5 c6 4. Nf3 Qb6 5. Qc1 Nbd7 6. e3 e6 7. c4 c5 8. Nc3
cxd4 9. exd4 dxc4 10. Bxc4 Be7 11. O-O O-O 12. Qc2 Rd8 13. Bd3 Nf8 14. Rad1 Bd7
15. Ne5 Be8 16. Rfe1 Rac8 17. Qe2 h6 18. Be3 Qd6 19. Qf3 Qb4 20. Rd2 a6 21. a3
Qb3 22. Bc2 Qb6 23. Bd3 N8d7 24. Nc4 Qc7 25. Bf4 Qc6 26. d5 Nxd5 27. Na5 Qb6 28.
Nxd5 exd5 29. Nxb7 Qxb7 30. Rxe7 Qc6 31. Qg3 Nf6 32. Rc2 Qa4 33. Rxc8 Rxc8 34.
Bf5 Qd1+ 35. Kh2 Rc1 36. Bxc1 Qxc1 37. Qe5 Kf8 38. Rc7 Qd2 39. f3 Qf2 40. Kh3 g5
41. hxg5 hxg5 42. Kh2 Kg7 43. Re7 Bb5 44. Be6 1-0

[Event "AUTO-OPEN-3219"]
[Site "http://www.queenalice.com/game.php?id=1267949"]
[Date "2014.3.25"]
[Round "1"]
[White "insomnia69"]
[Black "mmagari"]
[Result "1/2-1/2"]
[WhiteElo "2367"]
[BlackElo "2300"]

1. d4 a5 2. c4 h5 3. e4 e5 4. dxe5 Nc6 5. Nf3 Bb4+ 6. Bd2 f6 7. exf6 Nxf6 8. Bd3
O-O 9. O-O d6 10. Nc3 Bg4 11. a3 Bxf3 12. Qxf3 Ng4 13. Qg3 Bc5 14. Be1 a4 15.
Be2 Nce5 16. Rd1 c6 17. Nxa4 Rxa4 18. b4 Be3 19. fxe3 Rxf1+ 20. Bxf1 Rxa3 21.
Bd2 h4 22. Qf4 Qe7 23. Be2 g5 24. Qf5 Nxe3 25. Bxe3 Rxe3 26. Bf1 Ra3 27. c5 dxc5
28. Bc4+ Kg7 29. Qc8 Nxc4 30. Rd7 Ra1+ 31. Kf2 Ra2+ 32. Kg1 Ra1+ 33. Kf2 Ra2+
34. Kg1 Ra1+ 1/2-1/2

[Event "AUTO-OPEN-3219"]
[Site "http://www.queenalice.com/game.php?id=1267966"]
[Date "2014.3.25"]
[Round "1"]
[White "insomnia69"]
[Black "EduardoObjetivo"]
[Result "1-0"]
[WhiteElo "2351"]
[BlackElo "1744"]

1. d4 Nf6 2. c4 g6 3. Nc3 Bg7 4. e4 d6 5. Be2 O-O 6. f4 c5 7. d5 Qc7 8. Nf3 Bg4
9. O-O Na6 10. a3 Bxf3 11. Bxf3 Nd7 12. Rb1 1-0

[Event "AUTO-OPEN-3219"]
[Site "http://www.queenalice.com/game.php?id=1267967"]
[Date "2014.3.25"]
[Round "1"]
[White "EduardoObjetivo"]
[Black "insomnia69"]
[Result "0-1"]
[WhiteElo "1756"]
[BlackElo "2350"]

1. Nf3 Nf6 2. d4 g6 3. c4 Bg7 4. Nc3 d6 5. e4 O-O 6. g3 c5 7. dxc5 dxc5 8. Bg5
Nc6 9. Bxf6 Bxf6 10. Qxd8 Rxd8 11. Bg2 Bxc3+ 12. bxc3 Rd3 13. Rc1 Bg4 14. Nd2
Rad8 15. Rc2 Ne5 16. f4 Re3+ 17. Kf1 Nd3 0-1

[Event "AUTO-OPEN-3263"]
[Site "http://www.queenalice.com/game.php?id=1285308"]
[Date "2014.5.31"]
[Round "1"]
[White "insomnia69"]
[Black "blackwolf"]
[Result "1-0"]
[WhiteElo "2354"]
[BlackElo "1734"]

1. d4 Nf6 2. c4 d5 3. cxd5 e6 4. dxe6 Bxe6 5. Nf3 Bb4+ 6. Nc3 O-O 7. a3 Bxc3+ 8.
bxc3 Nbd7 9. Qd3 h6 10. e4 Re8 11. Be2 a6 12. Nd2 Nb6 13. O-O Bd7 14. Re1 Bb5
15. c4 Ba4 16. e5 Nh7 17. Nf3 Nf8 18. Be3 Nbd7 19. Rab1 b5 20. Nd2 c6 21. Ne4
Nb6 22. Nd6 Re7 23. Qc3 Qd7 24. Rec1 Nc8 25. Ne4 Ne6 26. d5 cxd5 27. cxd5 Nf8
28. d6 Re8 29. Nc5 Qd8 30. Bf3 Rb8 31. Nxa6 Rb6 32. Nc7 Re7 33. dxe7 Qxe7 34.
Nd5 1-0

[Event "AUTO-OPEN-3263"]
[Site "http://www.queenalice.com/game.php?id=1285309"]
[Date "2014.5.31"]
[Round "1"]
[White "blackwolf"]
[Black "insomnia69"]
[Result "0-1"]
[WhiteElo "1753"]
[BlackElo "2353"]

1. d4 Nf6 2. c4 g6 3. Nc3 Bg7 4. e3 O-O 5. Nf3 d6 6. Be2 Nbd7 7. O-O c5 8. b3 b6
9. d5 Ne4 10. Bb2 Nxc3 11. Qd2 Nxe2+ 12. Qxe2 Bxb2 13. Qxb2 Nf6 14. h3 e6 15.
dxe6 fxe6 16. Rfd1 Bb7 17. Ng5 Qe7 18. Qe2 Rad8 19. Nf3 Ne4 20. Rac1 Qf6 21. Rd3
d5 22. Rcd1 Nc3 23. Qd2 Nxd1 24. Qxd1 dxc4 25. bxc4 Rxd3 26. Qxd3 Bxf3 27. gxf3
Qxf3 28. Qf1 Rd8 29. Qg2 Qxg2+ 30. Kxg2 b5 31. cxb5 c4 0-1

[Event "AUTO-OPEN-3263"]
[Site "http://www.queenalice.com/game.php?id=1285310"]
[Date "2014.5.31"]
[Round "1"]
[White "insomnia69"]
[Black "raven225"]
[Result "1-0"]
[WhiteElo "2352"]
[BlackElo "1873"]

1. d4 d5 2. c4 c6 3. Nf3 Nf6 4. cxd5 Nxd5 5. e4 Nb6 6. Be2 Bg4 7. O-O e6 8. Bf4
N8d7 9. Nbd2 Be7 10. Rc1 O-O 11. Qb3 Nf6 12. Rfd1 h6 13. h3 Bh5 14. Qe3 Re8 15.
a3 Bg6 16. Ne5 Bh7 17. b4 g5 18. Bg3 Rc8 19. f4 gxf4 20. Bxf4 h5 21. Qg3+ Kh8
22. Nxf7# 1-0

[Event "AUTO-OPEN-3263"]
[Site "http://www.queenalice.com/game.php?id=1285311"]
[Date "2014.5.31"]
[Round "1"]
[White "raven225"]
[Black "insomnia69"]
[Result "0-1"]
[WhiteElo "1839"]
[BlackElo "2355"]

1. e4 g6 2. d4 Bg7 3. Nf3 d6 4. Nc3 c6 5. Be3 b5 6. Bd3 Nd7 7. O-O Bb7 8. Re1 a6
9. a3 c5 10. d5 Ngf6 11. Ne2 c4 12. Bxc4 bxc4 13. c3 Nxe4 14. Ng3 Ndf6 15. Qa4+
Qd7 16. Qxc4 Bxd5 17. Qd3 O-O 18. Nxe4 Bxe4 19. Qe2 Qb7 20. b4 Bxf3 21. gxf3 Nd5
22. Bd4 Nxc3 23. Qd3 Bxd4 24. Qxd4 Qxf3 25. Qe3 Qxe3 26. Rxe3 Nd5 27. Rd3 e6 28.
Rc1 Rfc8 29. Rxc8+ Rxc8 30. Kg2 Nf4+ 0-1

[Event "AUTO-OPEN-3321"]
[Site "http://www.queenalice.com/game.php?id=1306351"]
[Date "2014.9.6"]
[Round "1"]
[White "maurice91"]
[Black "insomnia69"]
[Result "1-0"]
[WhiteElo "1891"]
[BlackElo "2337"]

1. d4 Nf6 2. Nf3 g6 3. g3 Bg7 4. Bg2 d6 5. c3 O-O 6. O-O Nbd7 7. Na3 c6 8. Re1
d5 9. e3 Re8 10. Nc2 Qc7 11. b3 1-0

[Event "AUTO-OPEN-3321"]
[Site "http://www.queenalice.com/game.php?id=1306352"]
[Date "2014.9.6"]
[Round "1"]
[White "insomnia69"]
[Black "maurice91"]
[Result "0-1"]
[WhiteElo "2360"]
[BlackElo "1861"]

1. d4 d5 2. c4 e6 3. Nc3 Bb4 4. Nf3 c5 5. cxd5 Qxd5 6. Bd2 Bxc3 7. Bxc3 cxd4 8.
Qxd4 Nf6 9. Qxd5 exd5 10. e3 Nc6 0-1